[Event "Scottish Championship & International O"]
[Site "Paisley"]
[Date "2018.07.14"]
[Round "8.1"]
[White "Gormally, Daniel W"]
[Black "Bannink, Bernard"]
[Result "1-0"]
[WhiteElo "2478"]
[BlackElo "2206"]
[Annotator "Ips"]
[PlyCount "66"]
[EventDate "2018.07.07"]

1. d4 d5 2. c4 c6 3. Nf3 Nf6 4. Nc3 dxc4 5. a4 Bf5 6. Nh4 Bc8 7. e3 e5 8. Bxc4
exd4 9. exd4 Be7 10. O-O O-O 11. Re1 Na6 12. Bg5 Nc7 13. Nf3 Be6 14. Bd3 Ncd5
15. Qd2 Re8 16. Bh4 Nd7 17. Bg3 Nf8 18. Ne5 Bh4 19. a5 Bxg3 20. hxg3 Rc8 21.
Ne4 Nf6 22. Nc5 b6 23. axb6 axb6 24. Nxe6 Nxe6 25. Bc4 Nd5 26. Ra7 Rc7 27. Rxc7
Qxc7 28. Rc1 Qb7 29. Bb3 Rc8 30. Rxc6 Rd8 31. Rc1 h6 32. Qd3 Nb4 33. Qf5 Nd5
1-0

[Event "Scottish Championship & International O"]
[Site "Paisley"]
[Date "2018.07.14"]
[Round "8.2"]
[White "Tate, Alan"]
[Black "Abdulla, Murad"]
[Result "0-1"]
[WhiteElo "2352"]
[BlackElo "2281"]
[Annotator "Ips"]
[PlyCount "78"]
[EventDate "2018.07.07"]

1. e4 e5 2. Nf3 Nf6 3. Nxe5 d6 4. Nf3 Nxe4 5. Nc3 Nxc3 6. dxc3 Be7 7. Be3 Nc6
8. Qd2 Be6 9. O-O-O h6 10. Kb1 a6 11. h4 Qd7 12. Nd4 Nxd4 13. Bxd4 Rg8 14. c4
O-O-O 15. Qc3 g6 16. g3 c5 17. Be3 Bg4 18. Rd2 Qc6 19. Rg1 g5 20. hxg5 hxg5 21.
Bg2 Bf3 22. Bxf3 Qxf3 23. Rd3 Qf6 24. Qxf6 Bxf6 25. Rd5 b6 26. Rf5 Rg6 27. Rh1
Kd7 28. g4 Re8 29. Rh7 Re4 30. Rd5 Ke6 31. b3 Rxg4 32. Kc1 b5 33. f3 Rg3 34.
Rh2 bxc4 35. bxc4 Be5 36. Rf2 Rf6 37. Kd2 Rfxf3 38. Rxf3 Rxf3 39. Bxg5 Ra3 0-1

[Event "Scottish Championship & International O"]
[Site "Paisley"]
[Date "2018.07.14"]
[Round "8.3"]
[White "Green, Andrew D"]
[Black "Fitzsimons, David"]
[Result "1/2-1/2"]
[WhiteElo "2074"]
[BlackElo "2328"]
[Annotator "Ips"]
[PlyCount "91"]
[EventDate "2018.07.07"]

1. d4 Nf6 2. Nf3 g6 3. Nc3 Bg7 4. e4 d6 5. Be3 a6 6. Qd2 b5 7. Bh6 O-O 8. Bxg7
Kxg7 9. Bd3 Nc6 10. e5 dxe5 11. dxe5 Ng4 12. Qf4 Ncxe5 13. Nxe5 Qd6 14. O-O-O
Qxe5 15. Qxe5+ Nxe5 16. Be4 Ra7 17. Rhe1 e6 18. f4 Ng4 19. h3 Nf2 20. Rd2 Nxe4
21. Nxe4 Bb7 22. Rd7 Bc6 23. Re7 Re8 24. Rxe8 Bxe8 25. g4 Bc6 26. g5 Ra8 27.
Nf6 Rd8 28. Rd1 Rd6 29. h4 h5 30. c3 Kf8 31. b4 Rxd1+ 32. Kxd1 Ke7 33. Kd2 e5
34. Ke3 Ke6 35. Ng8 Bd5 36. a3 Bb3 37. Nf6 Kf5 38. fxe5 Kxe5 39. Ne8 c5 40. Nc7
cxb4 41. cxb4 Kf5 42. Kf3 Bd1+ 43. Kg3 Ke4 44. Nxa6 Kd4 45. Kf4 Bc2 46. Nc7
1/2-1/2

[Event "Scottish Championship & International O"]
[Site "Paisley"]
[Date "2018.07.14"]
[Round "8.4"]
[White "Grant, Jonathan I M"]
[Black "Dunnington, Angus J"]
[Result "0-1"]
[WhiteElo "2213"]
[BlackElo "2383"]
[Annotator "Ips"]
[PlyCount "66"]
[EventDate "2018.07.07"]

1. c4 e5 2. g3 Nc6 3. Nc3 Bb4 4. Nd5 a5 5. Bg2 Nge7 6. e3 d6 7. Ne2 Bf5 8. a3
Bc5 9. d4 Ba7 10. O-O O-O 11. b3 Bg4 12. f3 Bd7 13. Bb2 Nf5 14. Kh1 exd4 15.
exd4 Nce7 16. Qd2 Nxd5 17. cxd5 Re8 18. Nf4 Bb6 19. Rae1 Qf6 20. Re4 a4 21. b4
h6 22. Bh3 Rxe4 23. fxe4 Nxg3+ 24. hxg3 Bxh3 25. Rf2 Bg4 26. Ng2 Qg6 27. Rf4
Re8 28. Nh4 Qh5 29. Kg1 g5 30. Rf6 Kg7 31. Rf5 Bxf5 32. Nxf5+ Kf8 33. Qc2 Qf3
0-1

[Event "Scottish Championship & International O"]
[Site "Paisley"]
[Date "2018.07.14"]
[Round "8.5"]
[White "Buchanan, Walter F"]
[Black "Gourlay, Iain"]
[Result "0-1"]
[WhiteElo "2102"]
[BlackElo "2369"]
[Annotator "Ips"]
[PlyCount "90"]
[EventDate "2018.07.07"]

1. e4 e5 2. Nf3 Nc6 3. Bb5 a6 4. Bxc6 dxc6 5. O-O Bg4 6. h3 h5 7. d3 Qf6 8.
Nbd2 g5 9. Re1 Be6 10. d4 g4 11. Nxe5 O-O-O 12. c3 c5 13. Nb3 Qg7 14. Bf4 f6
15. hxg4 hxg4 16. Nd3 c4 17. Nbc5 Bf7 18. Ne5 Bxc5 19. Nxf7 Qxf7 20. Qxg4+ f5
21. Qxf5+ Qxf5 22. exf5 Bd6 23. Bxd6 Rxd6 24. Re8+ Kd7 25. Rae1 Rdh6 26. f3
Rh1+ 27. Kf2 Rxe1 28. Rxe1 Ne7 29. g4 Rh2+ 30. Kg3 Rxb2 31. f6 Ng6 32. f4 Rb6
33. g5 Re6 34. Rxe6 Kxe6 35. Kg4 Nf8 36. f5+ Kf7 37. Kf4 Nd7 38. Ke4 b5 39. Kd5
c6+ 40. Kxc6 b4 41. Kxd7 bxc3 42. g6+ Kxf6 43. g7 Kxg7 44. Ke7 c2 45. f6+ Kg6
0-1

[Event "Scottish Championship & International O"]
[Site "Paisley"]
[Date "2018.07.14"]
[Round "8.6"]
[White "Mckay, Roderick M"]
[Black "Brown, Steven A"]
[Result "1-0"]
[WhiteElo "2322"]
[BlackElo "2028"]
[Annotator "Ips"]
[PlyCount "81"]
[EventDate "2018.07.07"]

1. e4 e6 2. Qe2 c5 3. b3 Nc6 4. Nf3 e5 5. g3 d6 6. Bg2 Bg4 7. c3 Nf6 8. d3 Be7
9. Nbd2 O-O 10. h3 Bd7 11. O-O Qb6 12. Nh2 Rae8 13. Ng4 Nxg4 14. hxg4 Qa5 15.
Bb2 b5 16. f4 exf4 17. gxf4 Bf6 18. e5 dxe5 19. f5 Qb6 20. Ne4 c4+ 21. Kh2 Be7
22. g5 f6 23. g6 h6 24. Qh5 Bc5 25. Rae1 Re7 26. Bc1 cxd3 27. Bxh6 gxh6 28.
Qxh6 Nd8 29. b4 Bg1+ 30. Rxg1 Bxf5 31. Bh3 Bxe4 32. Rxe4 f5 33. Rh4 Qf6 34. g7
Rxg7 35. Qh7+ Kf7 36. Rxg7+ Qxg7 37. Qxf5+ Kg8 38. Qxd3 Rf2+ 39. Kh1 Qb7+ 40.
Kg1 Qb6 41. Qg3+ 1-0

[Event "Scottish Championship & International O"]
[Site "Paisley"]
[Date "2018.07.14"]
[Round "8.7"]
[White "Maxwell, Daniel"]
[Black "White, Stuart A"]
[Result "1/2-1/2"]
[WhiteElo "2048"]
[BlackElo "2103"]
[Annotator "Ips"]
[PlyCount "43"]
[EventDate "2018.07.07"]

1. Nf3 d5 2. g3 Nc6 3. d4 Bf5 4. Bf4 Qd7 5. h4 Nf6 6. Ne5 Nxe5 7. dxe5 Nh5 8.
Be3 g6 9. Nc3 O-O-O 10. Qd4 b6 11. Bg2 e6 12. Bg5 Bc5 13. Qa4 Qxa4 14. Nxa4 f6
15. Nxc5 fxg5 16. Nd3 g4 17. O-O Rhf8 18. b4 Bxd3 19. cxd3 Ng7 20. d4 Nf5 21.
Rfd1 Rf7 22. Rac1 1/2-1/2

[Event "Scottish Championship & International O"]
[Site "Paisley"]
[Date "2018.07.14"]
[Round "8.8"]
[White "Mcquillan, Stephen G"]
[Black "Koehn, Lennart"]
[Result "1-0"]
[WhiteElo "1958"]
[BlackElo "2087"]
[Annotator "Ips"]
[PlyCount "53"]
[EventDate "2018.07.07"]

1. e4 c5 2. Nc3 a6 3. f4 b5 4. Nf3 Bb7 5. d3 e6 6. Qe2 b4 7. Nd1 Nf6 8. e5 Nd5
9. c4 bxc3 10. Nxc3 Be7 11. g3 O-O 12. Bg2 f6 13. O-O Qc7 14. Bd2 Nxc3 15. Bxc3
Nc6 16. Rac1 Qb6 17. Qe3 Nb4 18. exf6 gxf6 19. Bxb4 Qxb4 20. Rc4 Qxb2 21. f5 e5
22. Qh6 Kh8 23. Nh4 Bxg2 24. Ng6+ Kg8 25. Rg4 Bf3 26. Rxf3 Qc1+ 27. Qxc1 1-0

[Event "Scottish Championship & International O"]
[Site "Paisley"]
[Date "2018.07.14"]
[Round "8.9"]
[White "Sanger, Jake M"]
[Black "Shafi, Declan"]
[Result "1/2-1/2"]
[WhiteElo "1841"]
[BlackElo "2177"]
[Annotator "Ips"]
[PlyCount "112"]
[EventDate "2018.07.07"]

1. d4 Nf6 2. Nf3 e6 3. Bf4 c5 4. e3 b6 5. Nbd2 Bb7 6. Bd3 Be7 7. O-O Nh5 8.
Bxb8 Rxb8 9. Ne5 Nf6 10. c3 O-O 11. Ng4 Nxg4 12. Qxg4 f5 13. Qe2 Rf6 14. e4 f4
15. Nf3 Rh6 16. Ne5 Rf6 17. Bb5 Bd6 18. Nf3 Rh6 19. Rfd1 c4 20. Bxc4 g5 21. d5
e5 22. h3 Rg6 23. Nh2 Kg7 24. Qh5 Qc7 25. Be2 Be7 26. Rd2 d6 27. Qf3 Rh8 28. g3
fxg3 29. fxg3 Rf8 30. Qe3 g4 31. h4 h5 32. Rf1 Rxf1+ 33. Bxf1 Bd8 34. Rf2 b5
35. Qxa7 Qb6 36. Qxb6 Bxb6 37. Kg2 Bxf2 38. Kxf2 Rf6+ 39. Ke3 Rf8 40. Bxb5 Ra8
41. a4 Ba6 42. Bxa6 Rxa6 43. b3 Kf6 44. Nf1 Ke7 45. Nd2 Ra8 46. Nc4 Rf8 47. Nd2
Ra8 48. Nc4 Rb8 49. Nd2 Kd7 50. Kd3 Rf8 51. Ke3 Kc7 52. Ke2 Kb6 53. Ke3 Rc8 54.
Kd3 Kb7 55. Nc4 Kc7 56. Ke3 Rf8 1/2-1/2

[Event "Scottish Championship & International O"]
[Site "Paisley"]
[Date "2018.07.14"]
[Round "8.10"]
[White "Lim, Zhuo Ren"]
[Black "Jaufarally, Nadia"]
[Result "0-1"]
[WhiteElo "2165"]
[BlackElo "1988"]
[Annotator "Ips"]
[PlyCount "80"]
[EventDate "2018.07.07"]

1. Nf3 Nf6 2. c4 g6 3. g3 Bg7 4. Bg2 O-O 5. d4 d6 6. O-O Nc6 7. Nc3 a6 8. Qd3
e5 9. dxe5 dxe5 10. Qxd8 Rxd8 11. Bg5 Be6 12. Nd2 h6 13. Bxf6 Rxd2 14. Bxg7
Kxg7 15. Bxc6 bxc6 16. b3 a5 17. Rfd1 Rad8 18. Rxd2 Rxd2 19. Kf1 Bg4 20. f3 Bf5
21. Ke1 Rc2 22. Na4 e4 23. g4 exf3 24. gxf5 Rxe2+ 25. Kf1 Rxh2 26. Kg1 Rg2+ 27.
Kh1 g5 28. Nc5 Kf6 29. Rf1 g4 30. Rg1 Rxg1+ 31. Kxg1 Kxf5 32. a4 Kf4 33. b4 g3
34. bxa5 Ke3 35. Nb3 h5 36. a6 h4 37. Nd4 h3 38. Nf5+ Kf4 39. a7 f2+ 40. Kf1 h2
0-1

[Event "Scottish Championship & International O"]
[Site "Paisley"]
[Date "2018.07.14"]
[Round "8.11"]
[White "Mccormack, Derek"]
[Black "Smith, Peter R"]
[Result "0-1"]
[WhiteElo "1836"]
[BlackElo "2073"]
[Annotator "Ips"]
[PlyCount "84"]
[EventDate "2018.07.07"]

1. d4 Nf6 2. Bf4 c5 3. d5 d6 4. Nc3 g6 5. Qd2 Qa5 6. e4 Bg7 7. Nge2 b5 8. f3 b4
9. Nd1 Ba6 10. c3 bxc3 11. Qxc3 Qb6 12. Qc2 Nbd7 13. Nc1 Rb8 14. Rb1 O-O 15.
Bxa6 Qxa6 16. Qe2 Rb6 17. Qxa6 Rxa6 18. O-O Rb8 19. g4 Ne8 20. Bd2 Nc7 21. Bc3
Ne5 22. Bxe5 Bxe5 23. a3 Rxa3 24. bxa3 Rxb1 25. Nf2 Bb2 26. Nb3 Rxf1+ 27. Kxf1
Bxa3 28. Na5 Kf8 29. g5 Bc1 30. h4 Bf4 31. Kg2 Nb5 32. Nd3 Bd2 33. Nc6 c4 34.
Ndb4 a5 35. Nc2 a4 36. Kf2 a3 37. Ke2 Bc3 38. N6b4 Be5 39. Ne3 Nc3+ 40. Kd2 a2
41. Nbc2 Nb1+ 42. Kc1 Na3 0-1

[Event "Scottish Championship & International O"]
[Site "Paisley"]
[Date "2018.07.14"]
[Round "8.12"]
[White "Ahlers, Ben"]
[Black "Jelfs, Alan"]
[Result "1-0"]
[WhiteElo "2069"]
[BlackElo "1853"]
[Annotator "Ips"]
[PlyCount "53"]
[EventDate "2018.07.07"]

1. d4 d5 2. Nf3 e6 3. c4 c6 4. Nc3 Nf6 5. Bg5 dxc4 6. e4 b5 7. e5 h6 8. Bh4 g5
9. Nxg5 hxg5 10. Bxg5 Nbd7 11. exf6 Bb7 12. g3 Bh6 13. Bxh6 Rxh6 14. Bg2 Qc7
15. O-O O-O-O 16. a4 Nxf6 17. axb5 Rdh8 18. Rxa7 Rxh2 19. Qf3 c5 20. Rxb7 Rxg2+
21. Kxg2 Qxb7 22. Qxb7+ Kxb7 23. dxc5 Rh5 24. c6+ Kc7 25. Ra1 Rc5 26. Ra7+ Kd6
27. Rxf7 1-0

[Event "Scottish Championship & International O"]
[Site "Paisley"]
[Date "2018.07.14"]
[Round "8.13"]
[White "Noordhoek, Henk"]
[Black "Kane, Robert"]
[Result "1/2-1/2"]
[WhiteElo "2000"]
[BlackElo "1878"]
[Annotator "Ips"]
[PlyCount "42"]
[EventDate "2018.07.07"]

1. e4 c6 2. d4 d5 3. Nc3 dxe4 4. Nxe4 Nf6 5. Nxf6+ gxf6 6. Nf3 Bg4 7. c3 e6 8.
Be3 Nd7 9. Be2 Bd6 10. Qd2 h5 11. h3 Bf5 12. Nh4 Be4 13. Bf4 Be7 14. Qe3 f5 15.
Nf3 Qb6 16. b3 Nf6 17. Bc4 Bd5 18. Be5 Rg8 19. Bxf6 Bxf6 20. Bxd5 cxd5 21. O-O
O-O-O 1/2-1/2

[Event "Scottish Championship & International O"]
[Site "Paisley"]
[Date "2018.07.14"]
[Round "8.14"]
[White "Dunn, Alan"]
[Black "D'alessio, Marco"]
[Result "1-0"]
[WhiteElo "2003"]
[BlackElo "1609"]
[Annotator "Ips"]
[PlyCount "93"]
[EventDate "2018.07.07"]

1. e4 e5 2. Nf3 Nc6 3. Bc4 Bc5 4. d3 d6 5. c3 Nf6 6. b4 Bb6 7. a4 a5 8. b5 Ne7
9. Qb3 O-O 10. Ng5 Qe8 11. Nd2 h6 12. Ngf3 Ng6 13. O-O Be6 14. Bxe6 Qxe6 15.
Qxe6 fxe6 16. g3 d5 17. Kg2 Rfd8 18. Re1 d4 19. c4 Nd7 20. Ba3 Nc5 21. Bxc5
Bxc5 22. Nb3 Bb4 23. Rf1 c6 24. h4 cxb5 25. cxb5 Bd6 26. Nbd2 h5 27. Nc4 Kf7
28. Nxd6+ Rxd6 29. Rac1 Ke7 30. Rc5 b6 31. Rc7+ Rd7 32. Rfc1 Rad8 33. R7c2 Rd6
34. Nd2 R6d7 35. Rc6 Rb7 36. Nc4 Rdb8 37. Nd6 Ra7 38. Nc8+ Rxc8 39. Rxc8 Nf8
40. f4 Nd7 41. Kf3 Nc5 42. R1xc5 bxc5 43. fxe5 Kd7 44. Rxc5 Ke7 45. Kf4 Kf7 46.
Kg5 g6 47. b6 1-0

[Event "Scottish Championship & International O"]
[Site "Paisley"]
[Date "2018.07.14"]
[Round "8.15"]
[White "Walkowiak, Adam"]
[Black "Spanton, Tim R"]
[Result "1-0"]
[WhiteElo "1702"]
[BlackElo "1927"]
[Annotator "Ips"]
[PlyCount "69"]
[EventDate "2018.07.07"]

1. d4 d5 2. c4 e6 3. Nc3 Nf6 4. e3 c5 5. Nf3 Nc6 6. Be2 dxc4 7. Bxc4 a6 8. O-O
b5 9. Bb3 Bb7 10. a3 cxd4 11. exd4 Be7 12. d5 exd5 13. Nxd5 Nxd5 14. Qxd5 O-O
15. Bg5 Bxg5 16. Qxg5 Qxg5 17. Nxg5 Nd4 18. Bxf7+ Rxf7 19. Nxf7 Kxf7 20. Rfd1
Rd8 21. Kf1 Ne6 22. f3 Bd5 23. Kf2 Ke7 24. Ke3 Rd6 25. Rac1 Bc4 26. f4 Nc5 27.
Rxd6 Kxd6 28. Rd1+ Bd5 29. b4 Nd7 30. g4 Nb6 31. Rd3 Nc4+ 32. Kd4 Be6 33. f5
Bd7 34. Ke4+ Kc6 35. h4 1-0

[Event "Scottish Championship & International O"]
[Site "Paisley"]
[Date "2018.07.14"]
[Round "8.16"]
[White "Paul, Rabindra"]
[Black "Macgilchrist, Siegrun"]
[Result "1-0"]
[WhiteElo "1785"]
[BlackElo "1644"]
[PlyCount "33"]
[EventDate "2018.07.07"]

1. e4 c6 2. d4 d5 3. Nc3 dxe4 4. Nxe4 Nd7 5. Nf3 Ngf6 6. Nc3 e6 7. Bd3 Bb4 8.
O-O Bxc3 9. bxc3 O-O 10. Qe2 Qc7 11. Re1 b6 12. Ba3 Re8 13. Ne5 Nd5 14. Bxh7+
Kh8 15. Qh5 Nxe5 16. Bg6+ Kg8 17. Qh7# 1-0

[Event "Scottish Championship & International O"]
[Site "Paisley"]
[Date "2018.07.14"]
[Round "8.17"]
[White "Harvey, Steven David"]
[Black "Kante, Kalyan Sai Nandan"]
[Result "1-0"]
[WhiteElo "1769"]
[BlackElo "1531"]
[PlyCount "41"]
[EventDate "2018.07.07"]

1. e4 e5 2. Nf3 Nc6 3. d4 exd4 4. c3 dxc3 5. Bc4 d6 6. Nxc3 Nf6 7. O-O Bg4 8.
Qb3 Qd7 9. Ng5 Ne5 10. Qxb7 Rd8 11. Bb3 c6 12. Qa6 h6 13. f4 hxg5 14. fxe5 dxe5
15. Bxg5 Bc5+ 16. Kh1 Nh5 17. Bxf7+ Qxf7 18. Qxc6+ Bd7 19. Qxc5 Ng3+ 20. Kg1
Nxf1 21. Rxf1 1-0

[Event "Scottish Championship & International O"]
[Site "Paisley"]
[Date "2018.07.14"]
[Round "8.18"]
[White "Tsang, Sai Kong"]
[Black "Zamvar, Vipin"]
[Result "1-0"]
[WhiteElo "1949"]
[BlackElo "1658"]
[PlyCount "70"]
[EventDate "2018.07.07"]

1. e4 c5 2. Nf3 d6 3. g3 Nf6 4. d3 Nc6 5. Bg2 e5 6. Nbd2 b5 7. a4 bxa4 8. Rxa4
Be7 9. Nc4 O-O 10. O-O Bg4 11. c3 Qd7 12. Qc2 h6 13. Bd2 Bh3 14. Rfa1 Bxg2 15.
Kxg2 Bd8 16. Ra6 d5 17. Ncxe5 Nxe5 18. Nxe5 Qb7 19. f3 Bb6 20. c4 Rfe8 21. Qb3
Rxe5 22. cxd5 Nd7 23. Bc3 Ree8 24. f4 Qc7 25. Qd1 Kh7 26. Qg4 g6 27. R6a4 Qd6
28. Qf3 f6 29. Re1 Bc7 30. e5 fxe5 31. fxe5 Nxe5 32. Rxe5 Rxe5 33. Qf7+ Kh8 34.
Re4 Qf8 35. Qxc7 Rae8 1-0

[Event "Scottish Championship & International O"]
[Site "Paisley"]
[Date "2018.07.14"]
[Round "8.19"]
[White "Macrae, James S"]
[Black "Nepveu, Manuel"]
[Result "0-1"]
[WhiteElo "1624"]
[BlackElo "1931"]
[PlyCount "84"]
[EventDate "2018.07.07"]

1. b3 e5 2. Bb2 Nc6 3. e3 d5 4. Nf3 e4 5. Nd4 Nxd4 6. Bxd4 Nf6 7. c4 Be7 8.
cxd5 Qxd5 9. d3 Qa5+ 10. Qd2 Qxd2+ 11. Nxd2 exd3 12. Bxd3 O-O 13. Rc1 c6 14. f3
Ba3 15. Rc2 Nd5 16. Nb1 Bb4+ 17. Kf2 Ba5 18. a3 Be6 19. b4 Bb6 20. Nc3 Rfd8 21.
Rd1 Nxb4 22. axb4 Bb3 23. Rcd2 Bxd1 24. Nxd1 Bxd4 25. exd4 Rxd4 26. Nc3 Rxb4
27. Ne4 Rd4 28. Nc3 Rdd8 29. Ke2 g6 30. Rb2 b5 31. Nxb5 cxb5 32. Rxb5 Rab8 33.
Rxb8 Rxb8 34. Kd2 Kf8 35. h4 h6 36. g4 Ke7 37. f4 a5 38. Kc3 Kd6 39. h5 gxh5
40. gxh5 f6 41. Kd4 a4 42. Bc4 a3 0-1

[Event "Scottish Championship & International O"]
[Site "Paisley"]
[Date "2018.07.14"]
[Round "8.23"]
[White "Kearsley, Raymond J"]
[Black "Chadha, Sambhav"]
[Result "1/2-1/2"]
[WhiteElo "1603"]
[BlackElo "1596"]
[PlyCount "42"]
[EventDate "2018.07.07"]

1. e4 c5 2. Nf3 d6 3. Bb5+ Nd7 4. c3 Ngf6 5. Qe2 a6 6. Ba4 g6 7. d4 cxd4 8.
cxd4 b5 9. Bb3 Nb6 10. O-O Bg7 11. e5 Nfd5 12. Nc3 Nxc3 13. bxc3 d5 14. Nd2 O-O
15. f4 Kh8 16. Nf3 f6 17. Bc2 Qc7 18. Ba3 fxe5 19. Nxe5 Bxe5 20. fxe5 Be6 21.
Bc5 Kg7 1/2-1/2

[Event "Scottish Championship & International O"]
[Site "Paisley"]
[Date "2018.07.14"]
[Round "8.25"]
[White "Smith, Rachel Lorna"]
[Black "Doris, Peter"]
[Result "1-0"]
[WhiteElo "1557"]
[BlackElo "1533"]
[PlyCount "93"]
[EventDate "2018.07.07"]

1. Nf3 Nc6 2. d4 d5 3. Bf4 Bf5 4. a3 Nf6 5. e3 e6 6. c4 Bd6 7. Bxd6 Qxd6 8. Nc3
O-O 9. Be2 h6 10. O-O Ne7 11. c5 Qd8 12. b4 c6 13. b5 Qc7 14. Bd3 Ne4 15. Bxe4
dxe4 16. Nd2 e5 17. Ndxe4 exd4 18. exd4 Qa5 19. Qb3 cxb5 20. Nd6 a6 21. Nxb7
Qc7 22. Nd6 Bh7 23. Nd5 Nxd5 24. Qxd5 Rad8 25. Qb3 Rb8 26. Rfe1 Bg6 27. Re5
Rbd8 28. Rae1 Rd7 29. Qe3 f6 30. Re7 Rxe7 31. Qxe7 Qxe7 32. Rxe7 Bd3 33. Re8
Rxe8 34. Nxe8 Be4 35. Nc7 Bb7 36. d5 Kf7 37. c6 Bc8 38. d6 a5 39. Nxb5 Ke6 40.
f3 f5 41. Kf2 f4 42. Ke1 g5 43. Kd2 h5 44. Kc3 g4 45. Kd4 g3 46. h3 Ba6 47.
Nc7+ 1-0